| 000 | 00429nam a22001697a 4500 | ||
|---|---|---|---|
| 005 | 20241108110741.0 | ||
| 008 | 241108b |||||||| |||| 00| 0 eng d | ||
| 020 | _a9780130961983 | ||
| 050 |
_aTS155 _bHEI |
||
| 100 | _aHeizer, Jay | ||
| 245 | _aOperations management | ||
| 250 | _a5th | ||
| 260 |
_aUSA _bPrentice Hall International, Inc _cc1999 |
||
| 300 |
_axxxii,837p _bill.; |
||
| 700 | _aRender, Barry | ||
| 942 |
_2lcc _cBK _n0 |
||
| 999 |
_c857 _d857 |
||